000
00276nam a22001217a 4500
020
_a
0-442-24536-9
082
_a
33.7 LOF'E
100
_a
LOFLNESS, ROBERT L
_9
76134
245
_a
ENERGY HANDBOOK
260
_a
NEWYORK
_b
VAN NOSTRAND
_c
1978
300
_a
VII,741P
942
_c
BK
999
_c
581555
_d
581555